000 00620nam a2200217 a 4500
008 960514s1982||||[C 0 slo c
020 _c9,50 Kčs.
_q(2 000 výtl.)
040 _aSNK
_bslo
_cSNK
_eAACR2
041 1 _aslo
044 _axo
_cSK
080 _a784.1.087.6:786.2
080 _a786.2
100 1 _aLichard, Milan
_4aut
245 1 0 _aJonášove piesne
_hHudobnina
_bSpev a klavír
_cMilan Lichard
250 _a1., vyd.
260 _aBratislava
_bOpus [vyd.]
_c1982
_ePartizánske
_fZápadoslovenské tlačiarne
300 _a18 s.
_c30 cm
500 _aHudobnina.
924 _aspev a klavír
958 _aH
999 _c15184
_d15184